00572 2200145 4500245021200000250001100212100002200223650001200245005001900257260000900276041001400285084001100299500010700310336000900417 aPengaruh Gaya Belajar Visual dan Motivasi Belajar Terhadap Kemandirian Belajar Peserta Didik Kelas X pada Mata Pelajaran Pengantar Ekonomi dan Bisnis di SMK Negeri 62 Jakarta SelatancTedy Kurnia PutrahText aCet. 1 aTedy Kurnia Putra aSkripsi a20231030132530 c2015 aIndonesia a378.34 aProdi Pendidikan Ekonomi, Fakultas Ilmu Pendidikan dan Pengetahuan Sosial Universitas Indraprasta PGRI atext